000 00435nam a2200157Ia 4500
008 230718s9999 xx 000 0 und d
041 _aeng
082 _a004.2
_bTAL
100 _aTalukder A.K.
245 _aMobile Computing
_bTechnology Application And Service Creation
260 _c2006
_bTata Mc Graw- Hill
300 _a668
365 _cRs.
_b495.00
700 _aTalukder A.K. & Yavagal R.R.
906 _d881/30.7.06
_cIT
_b99
999 _c314248
_d314248